| 000 | 01210nam a2200217 a 4500 | ||
|---|---|---|---|
| 001 | BS0003558 | ||
| 003 | BR-BrBNA | ||
| 005 | 20231011132712.0 | ||
| 008 | 230308b |||||||| |||| 00| 0 por d | ||
| 040 |
_aBR-BrBNA _bpor _cBiblioteca Nacional de Agricultura |
||
| 041 | _apor | ||
| 072 | _aS86 | ||
| 090 |
_aS86 _bBS0003558 |
||
| 100 | 1 | _aLispector, Clarice | |
| 245 | 1 | _aDe corpo inteiro / | |
| 260 | 3 |
_aSão Paulo, SP: _bSiciliano, _c1992. |
|
| 300 | _a232 p. | ||
| 520 | 3 | _aEm 'De corpo inteiro', a escritora Clarice Lispector entrevista personalidades das áreas política e cultural nas décadas de 60 e 70. Mais do que registrar o múltiplo talento da autora, esse livro retrata a faceta de pesquisadora da alma de Clarice. Sem meias palavras, a romancista, contista, poeta, cronista e tradutora se lança na inquietante descoberta dos mistérios da vida através de bate-papos, que o jornalista Alberto Dines chamou de 'peças jornalísticas de quilate'. Três questões são recorrentes ao longo das mais de 30 entrevistas. 'Qual é a coisa mais importante no mundo?', 'Qual é a coisa mais importante para o indivíduo?' e 'O que é o amor?' | |
| 650 | _aLITERATURA BRASILEIRA | ||
| 942 |
_cBK _2AGRIS |
||
| 999 |
_c8618 _d8618 |
||